01198nam a22002777a 4500003000900000005001700009007000300026008004100029020001800070040002500088082002300113100003400136245002900170260004300199300003800242500006000280590002700340650002400367650002700391910004700418942001400465952013600479952014400615952014400759999001700903DO-SdBNP20230310132014.0ta110301s2022 dr a 000 0 spa d a9789945933765 aDO-SdBNPbspacBNPHU 4aRD863.5bB142b2221 aBáez, Rodolfo975101d1983-10aBazga /cRodolfo Báez  aSanto Domingo :bEdiciones UME,c2022. a217 p. :bilustraciones ;c19 cm. aIncluye datos biográficos del autor : p. 216 y 217.  aInventariado, 2022/ YL 4aCuentos dominicanos 4aLiteratura dominicana  aYLockward/Validado. Control de calidad MFF 2ddccLBS1 00102ddc51708PDaBNPHUbBNPHUcHDd2022-11-04eDepósito LegaloBNPHU PD 863.5 B142bp2022-5954r2022-12-08w2022-12-08yLBS1 00102ddc51708PDaBNPHUbBNPHUcHDd2022-11-04eDepósito LegaloBNPHU PD RD863.5 B142bp2022-5955r2022-12-08te. 2w2022-12-08yLBS1 00102ddc56708DSaBNPHUbBNPHUcHDd2022-11-04eDepósito LegaloBNPHU DS RD863.5 B142bp2022-5956r2022-12-08te. 3w2022-12-08yLBS1 c53096d53096